| 000 | 00778nam a22002297a 4500 | ||
|---|---|---|---|
| 003 | BD-DhJNU | ||
| 005 | 20260128123255.0 | ||
| 008 | 260128b |||||||| |||| 00| 0 eng d | ||
| 020 | _a9788195022243 | ||
| 040 |
_aBD-DhJNU _bENG _cBD-DhJNU _dBD-DhJNU |
||
| 082 |
_223 _a891.444 MIS |
||
| 100 | _aমিত্র, শম্ভু | ||
| 242 |
_a The stage of death / _cShambhu Mitra |
||
| 245 |
_aসন্মার্গ সপর্যা / _cশম্ভু মিত্র |
||
| 246 | _aSanmārga saparyā | ||
| 250 | _a4th ed | ||
| 260 |
_aকলকাতা : _bএম. সি. সরকার, _c1428 b. |
||
| 300 |
_a২০৫ পৃ. : _bচিত্র ; _c২২ সেমি.। |
||
| 650 | _aপ্রবন্ধ | ||
| 650 | _aTreatise | ||
| 942 |
_2ddc _cBK _n0 |
||
| 999 |
_c2586 _d2586 |
||